| Поле | Инд. | ПП | Название | Значение |
|---|---|---|---|---|
| Тип записи | a | |||
| Библиографический уровень | a | |||
| 001 | Контрольный номер | c4c7fe0c92354f189feb630a3dde7e54 | ||
| 005 | Дата корректировки | 20210224151541.7 | ||
| 040 | a | Служба первич. каталог. | НБ ТвГУ | |
| b | Код языка каталог. | rus | ||
| e | Правила каталог. | PSBO | ||
| 041 | 0_ | a | Код языка текста | rus |
| 097 | b | Оператор | Komarova.ES | |
| 100 | 1_ | a | Автор | Журавлева Алина Евгеньевна |
| q | Полное имя | Журавлева А. Е. | ||
| 245 | 10 | a | Заглавие | Гендерные особенности личности юношей и девушек с компьютерно-игровой зависимостью |
| 260 | a | Место издания | Тверь | |
| 504 | a | Библиография | Библиогр.: с. 19 (5 назв.) | |
| 520 | 0_ | a | Аннотация | Статья посвящена изучению гендерных особенностей личности юношей и девушек с компьютерно-игровой зависимостью. В ней описываются результаты эмпирического исследования, проведённого с использованием методов тестирования, диагностических методик, методов математической статистики, анализа научной литературы, с привлечением теста «Определение зависимости от компьютерных игр» А.В. Котлярова и 16 факторного личностного опросника Р. Б. Кеттелла (форма С) (адаптация Э.С. Чугуновой) в качестве психодиагностического инструментария. |
| 653 | 0_ | a | Ключевые слова | Гомель, город |
| a | Ключевые слова | Зависимость | ||
| a | Ключевые слова | Компьютерные игры | ||
| a | Ключевые слова | Личность | ||
| a | Ключевые слова | Личностные особенности | ||
| 700 | 12 | a | Другие авторы | Потапенко Мария Николаевна |
| q | Полное имя | Потапенко М. Н. | ||
| 773 | 18 | w | Контрольный № источника | 7e15894b3bf841839de261c5f071005b |
| t | Название источника | Молодежь и государство: научно-методологические, социально-педагогические и психологические аспекты развития современного образования | ||
| d | Место и дата издания | Тверь, 2020 | ||
| g | Прочая информация | С. 14-19 | ||
| 856 | 40 | u | URL | http://texts.lib.tversu.ru/texts/150136t.pdf |
| x | Примечание для ЭОР | Справка УИС 2020 | ||
| x | Примечание для ЭОР | Реестр суммарного учета сетевых локальных документов | ||
| i | Дата подключения ЭОР | 20210224 | ||
| 901 | t | Тип документа | a | |
| 920 | a | Оператор | Кома | |
| 954 | b | Дата поступления в ОК | 20210216 |